Statistiken für WWE Womens Royal Rumble Winners

Klicken Sie hier um das Quiz zu spielen!

Allgemein

  • Dieses Quiz wurde 43 mal gespielt
  • Das Durchschnittsergebnis liegt bei 6 aus 7

Antwortstatistiken

JahrWrestler% Korrekt
2024Bayley
89%
2018Asuka
86%
2019Becky Lynch
86%
2023Rhea Ripley
86%
2020Charlotte Flair
83%
2021Bianca Belair
77%
2022Ronda Rousey
69%

Verteilung der Resultate

Perzentil nach korrekt beantworteten Fragen

Anzahl Personen mit jedem Resultat

Ihre Resultats-Entwicklung

Sie haben dieses Quiz noch nicht gespielt